| 000 | 00531nam a2200169 i 4500 | ||
|---|---|---|---|
| 001 | 179457 | ||
| 003 | ES-MaACL | ||
| 005 | 20250808052024.0 | ||
| 008 | 111202s1921 fr |||| | spa d | ||
| 245 | 0 | 0 | _aViajes y turismo en Francia. |
| 260 |
_aParis : _b[s.n., _c1921] ( _fG. de Malherbe et cie.) |
||
| 300 |
_a32 p. : _bil. ; _c24 cm. |
||
| 500 | _aEn la cubierta: Ferrocarriles de Paris a Orleans y del Midi. | ||
| 651 | 7 |
_aFrancia- _vGuías turísticas _2 _9137164 |
|
| 852 |
_aES-MaACL _j1635-F-7 |
||
| 999 |
_c179457 _d179457 |
||